Hướng dẫn làm đồ án quy hoạch 1 quy hoạch chi tiết đơn vị ở

KR059 ĐAKT 10 (Quy hoạch 1: Đơn vị ở); KR081 Đồ án quy hoạch 1 - Đơn vị ở

Guardat en:
Dades bibliogràfiques
Autor principal: Phạm, Hùng Cường
Format: Llibre
Idioma:Undetermined
Publicat: H. Xây dựng 2009
Matèries:
Accés en línia:http://lrc.tdmu.edu.vn/opac/search/detail.asp?aID=2&ID=3534
Etiquetes: Afegir etiqueta
Sense etiquetes, Sigues el primer a etiquetar aquest registre!
Thư viện lưu trữ: Trung tâm Học liệu Trường Đại học Thủ Dầu Một
LEADER 00799nam a2200205Ia 4500
001 TDMU_3534
008 210410s9999 xx 000 0 und d
082 |a 711 
090 |b P491 
100 |a Phạm, Hùng Cường 
245 0 |a Hướng dẫn làm đồ án quy hoạch 1 quy hoạch chi tiết đơn vị ở 
245 0 |c Phạm Hùng Cường 
260 |a H. 
260 |b Xây dựng 
260 |c 2009 
300 |a 51tr. 
520 |a KR059 ĐAKT 10 (Quy hoạch 1: Đơn vị ở); KR081 Đồ án quy hoạch 1 - Đơn vị ở 
650 |a Đồ án quy hoạch; Qui hoạch chi tiết  |x Nhà ở 
856 |u http://lrc.tdmu.edu.vn/opac/search/detail.asp?aID=2&ID=3534 
980 |a Trung tâm Học liệu Trường Đại học Thủ Dầu Một